Obchodní vyjednávači sa v americkom Seattli pokúsia rozkrútiť nové kolo liberalizácie

Tretia ministerská konferencia Svetovej obchodnej organizácie (WTO) v americkom Seattli v decembri 1999 - konferencia mala začať nové kolo rokovaní o liberalizácii globálnej ekonomiky. Na seba narážajú maximalistické požiadavky EÚ, úzko špecifické nároky USA a strach rozvojových krajín pred liberali...

Description complète

Enregistré dans:
Détails bibliographiques
Auteur principal: Janoška, Juraj
Format: Chapitre de livre
Langue:slovaque
Sujets:
Tags: Ajouter un tag
Pas de tags, Soyez le premier à ajouter un tag!

MARC

LEADER 00000naa a2200000 4500
001 r036632
005 20230921104210.0
041 0 |a slo 
044 |a SK 
245 1 0 |a Obchodní vyjednávači sa v americkom Seattli pokúsia rozkrútiť nové kolo liberalizácie  |c Juraj Janoška 
520 |a Tretia ministerská konferencia Svetovej obchodnej organizácie (WTO) v americkom Seattli v decembri 1999 - konferencia mala začať nové kolo rokovaní o liberalizácii globálnej ekonomiky. Na seba narážajú maximalistické požiadavky EÚ, úzko špecifické nároky USA a strach rozvojových krajín pred liberalizačnými plánmi mocností. Najväčší vývozcovia a dovozcovia na svete. Svetový obchod a produkcia. 
610 2 0 |a obchod svetový 
610 2 0 |a vývoz 
610 2 0 |a dovoz 
610 2 0 |a liberalizácia 
610 2 0 |a Európska únia 
610 2 0 |a USA 
610 2 0 |a krajiny rozvojové 
610 2 0 |a konferencie 
610 2 0 |a Seattle 
610 2 0 |a 1999 
610 2 0 |a Svetová obchodná organizácia 
100 1 |a Janoška, Juraj